Online Catalogue and eLibrary

Ezhathil Sathiyam: (Record no. 1428)

MARC details
000 -LEADER
fixed length control field 00412nam a2200169Ia 4500
005 - DATE AND TIME OF LATEST TRANSACTION
control field 20250305013929.0
008 - FIXED-LENGTH DATA ELEMENTS--GENERAL INFORMATION
fixed length control field 240331s9999 xx 000 0 und d
082 ## - DDC Classification
Item Number - Author Mark PRA
DDC Edition Number 6239
Class No. 923
245 #0 - TITLE STATEMENT
Title Ezhathil Sathiyam:
Remainder of title Iruppum Thagarppum
260 ## - PUBLICATION, DISTRIBUTION, ETC.
Place of publication, distribution, etc. Chennai
Name of publisher, distributor, etc. Karuppu Prathigal
Date of publication, distribution, etc. 2007
300 ## - PHYSICAL DESCRIPTION
Extent (e.g. Volumes, Pages etc.) 168 p.,
650 ## - SUBJECT ADDED ENTRY--TOPICAL TERM
Topical term or geographic name entry element Tamil
650 ## - SUBJECT ADDED ENTRY--TOPICAL TERM
Topical term or geographic name entry element Caste
650 ## - SUBJECT ADDED ENTRY--TOPICAL TERM
Topical term or geographic name entry element Movement
700 ## - ADDED ENTRY--PERSONAL NAME
Personal name Magarasan
Relator term (Role) Editor
942 ## - Koha item type (Biblio)
Koha item type Books in Stacks (Lending)
Holdings
Lost status Damaged status Collection code Home library Current library Shelving location Date acquired Full call number Accession Number Item type
    Lending WERC Library WERC Library Social Science Cupboard 03/31/2024 923 PRA 6239 Books in Stacks (Lending)

© WERC Library